Bitácora del hielo antártico
Сохранить в:
| Формат: | |
|---|---|
| Язык: | испанский |
| Опубликовано: |
Santiago
Chile, Expo Sevilla
1992
|
| Предметы: | |
| Метки: |
Добавить метку
Нет меток, Требуется 1-ая метка записи!
|
MARC
| LEADER | 00000nam a2200000 a 4500 | ||
|---|---|---|---|
| 001 | UCY0889 | ||
| 003 | CL-VaPUC | ||
| 008 | 940816e19920000CL |||||||||||||||||spa|d | ||
| 082 | 0 | 4 | |a 983.648 |b BIT |2 21 |
| 245 | 1 | 0 | |a Bitácora del hielo antártico |
| 300 | |a 61 p | ||
| 942 | |c BK | ||
| 945 | |d 19940816 00:00:00 |a aalvarez | ||
| 260 | |a Santiago |b Chile, Expo Sevilla |c 1992 | ||
| 651 | 0 | |a Antártica chilena |9 328750 | |
| 651 | 0 | |a Regiones antárticas |9 259075 | |
| 583 | |a last modification |c 19940816 00:00:00 |k Rodrigo Vera | ||
| 999 | |c 229780 |d 229778 | ||